Responses for Show #2137 - Tuesday, December 14, 1993

David Hillinck game 5.

Contestants

[<< previous game]

George Hahn, a financial administrator from Whiteland, Indiana

Sandy Silk, a certified financial planner originally from Fall River, Massachusetts

David Hillinck, a teacher and administrator from Pasadena, California (whose 4-day cash winnings total $47,401)

[next game >>]

Jeopardy! Round responses

ANIMALS
COLLEGES & UNIVERSITIES
COLORS
AROUND THE WORLD
NAMES
"MY" SONGS
    $100 6
(George: What are eagles?)
(Alex: Be more specific.)

bald eagles

George
    $100 1
Notre Dame

Sandy
    $100 21
yellow

David
    $100 11
Australia

David
    $100 24
Cinderella

Sandy
    $100 16
"My Blue Heaven"

Sandy
    $200 7
zebras

George
    $200 2
(George: What is New Mexico?)

Arizona

DavidGeorge
    $200 22
olive drab

George
    $200 12
Addis Ababa

David
    $200 25
Prudence

Sandy
    $200 17
"My Wild Irish Rose"

George
    $300 8
barnacles

Sandy
    $300 3
the Bulldogs

Sandy
    $300 23
greengrocer

George
    $300 13
Jaffa

Sandy
    $300 26
(David: What is Samantha?)

Tabitha

David
Triple Stumper
    $1,000 18
"My Old Kentucky Home"

George
    $400 9
a baboon

George
    $400 4
Missouri

Sandy
    $400 29
red

George
    $400 14
Italy

George
    $400 27
Yorick

George
    $400 19
"It's My Party"

George
    $500 10
grunion

David
    $500 5
Yale

David
    $500 30
umber

George
    $500 15
Iceland

George
    $500 28
Quinton (or Quentin)

George
    $500 20
"Tears On My Pillow"

Triple Stumper

Scores at the first commercial break (after clue 15):

David Sandy George
$1,500 $1,400 $1,400

Scores at the end of the Jeopardy! Round:

David Sandy George
$1,300 $1,800 $5,300

Double Jeopardy! Round responses

FIRST LADIES
NEWSPAPERS
CHEF'S SPECIALS
POTPOURRI
OEDIPUS
WRECKS
    $200 11
the White House

David
    $200 6
Japan

David
    $200 22
(Alex: And we have about a minute to go in the round.)

oysters

George
    $200 16
Buffalo Bill

David
    $200 21
Polish

Sandy
    $200 1
the Titanic

George
    $400 12
Betty Ford

Sandy
    $400 7
London

David
    $400 23
chicken & rice

Sandy
    $400 17
audiology

George
    $400 27
The Oracle of Delphi

George
    $400 2
(David: What is the Amazon?)

the Orinoco

David
Triple Stumper
    $600 13
Mamie Eisenhower

Sandy
    $600 8
Little Rock

Sandy
    $600 24
(Sandy: What is devil's eggs?)
(Alex: Devil's, well, no, I don't think we can accept it.)

deviled

SandyGeorge
    $600 18
(Alex: So do ours, I think. Getting [*].)

long in the tooth

Triple Stumper
    $600 28
poked out his eyes

David
    $600 3
The Sea Wolf

David
    $1,000 14
Eleanor Roosevelt

Sandy
    $800 9
(George: What's the New York Post?)

the Daily News

SandyGeorge
    $800 25
Swedish meatballs

George
    $800 19
(George: What is Michigan?)

Minnesota

SandyGeorge
    $3,000 29
(David: What was the phoenix?)
[The end-of-round signal sounds.]

the Sphinx

David
    $800 4
(Sandy: Who is Jefferson?)
(George: Who is Adams?)

(Aaron) Burr

DavidSandyGeorge
    $1000 15
(George: Who is Bess Truman?)

Lou Hoover

George
Triple Stumper
    $1000 10
William Randolph Hearst

George
    $1000 26
Lobster Thermidor

Sandy
    $1000 20
Pamplona

David
    $1000 5
(David: What are the Falklands?)

Bermuda

David
Triple Stumper

Scores at the end of the Double Jeopardy! Round:

David Sandy George
$900 $6,200 $5,500

[wagering suggestions for these scores]

Final Jeopardy! Round responses

THE OSCARS
DavidWho is ?
$501
GeorgeWho is Jack Palance
$5,500
SandyWho is Jack Palance?
$4,801
Jack Palance

Final scores:

David Sandy George
$399 $11,001 $11,000
3rd place: Croton watch New champion: $11,001 2nd place: trip to Scottsdale, Arizona

Game dynamics:

Coryat scores:

David Sandy George
$3,900 $6,000 $4,800
14 R,
4 W
(including 1 DD)
17 R
(including 1 DD),
2 W
21 R
(including 1 DD),
5 W

Combined Coryat: $14,700

[game clues] [game scores] [suggest correction]

Game tape date: 1993-09-13
The J! Archive is created by fans, for fans. Scraping, republication, monetization, and malicious use prohibited; this site may use cookies and collect identifying information. See terms. The Jeopardy! game show and all elements thereof, including but not limited to copyright and trademark thereto, are the property of Jeopardy Productions, Inc. and are protected under law. This website is not affiliated with, sponsored by, or operated by Jeopardy Productions, Inc. Join the discussion at JBoard.tv.